Największe kraje europy A-Z - Statystyki

Ogólne statystyki
  • Ten quiz został rozwiązany 1 903 razy
  • Średni wynik to 17 z 19
Statystyki odpowiedzi
Litera Kraj % Poprawnych
P Polska
95%
R Rosja
95%
F Francja
94%
D Dania
93%
L Litwa
92%
Ł Łotwa
92%
E Estonia
91%
C Czechy
90%
H Hiszpania
90%
G Grecja
89%
B Białoruś
87%
S Szwecja
87%
U Ukraina
87%
N Niemcy
86%
A Austria
83%
W Włochy
83%
I Islandia
81%
K Kosowo
76%
M Mołdawia
76%
Nie znaleziono quizów pasujących do podanych kryteriów
Rozkład punktacji
Procent ludzi z każdym wynikiem
Percentyl według liczby udzielonych odpowiedzi
Twoja historia wyników
Nie rozwiązałeś tego quizu